| 000 | 00687nam a22002417a 4500 | ||
|---|---|---|---|
| 005 | 20240814174000.0 | ||
| 008 | s1996 eng d | ||
| 020 | _a0134490193 | ||
| 041 | _aeng | ||
| 100 | 0 | _aAltschuler, Bruce | |
| 245 | 1 | 0 | _aUnderstanding law in a changing society [2nd] |
| 260 | 3 |
_aNew Jersey : _bPrentice Hall, _c1996 |
|
| 300 |
_a527 p. ; _b 23 cm. |
||
| 650 | 0 | 4 | _aCourts -- United States |
| 650 | 0 | 4 | _aJustice, Administration of -- United States |
| 650 | 0 | 4 | _aLaw -- United States |
| 700 | 0 | _aAltschuler, Bruce | |
| 850 | _aNALT | ||
| 942 | _cLB | ||
| 997 | _c000000000021035 | ||
| 998 |
_aSAIPHON DEENGAM _j25 _k นีลวัสน์ อินทรักษา |
||
| 999 |
_c21035 _d21035 |
||
| 090 | _aKC51.U6 A67U 1996 | ||